[Event "European Blitz 2022"]
[Site "Katowice POL"]
[Date "2022.12.16"]
[Round "13.68"]
[White "Lajbl, Jan"]
[Black "Mis, Mieszko"]
[Result "0-1"]
[BlackTitle "FM"]
[WhiteElo "2225"]
[BlackElo "2389"]
[WhiteFideId "390240"]
[BlackFideId "1196448"]
[EventDate "2022.12.16"]

1. e4 d5 2. exd5 Qxd5 3. Nc3 Qa5 4. d4 Nf6 5. Nf3 Bf5 6. Bc4 e6 7. Bd2 Bb4 8.
O-O O-O 9. a3 Bxc3 10. Bxc3 Qb6 11. Qd2 Nc6 12. Ne5 Rfd8 13. Nxc6 Qxc6 14. Qe2
Bxc2 15. d5 exd5 16. Bb5 Qb6 17. Bxf6 gxf6 18. Qxc2 Qxb5 19. Qxc7 Rac8 20. Qg3+
Kh8 21. Qf4 Qxb2 22. Rab1 Qe5 23. Qh4 b6 24. Rfe1 Qg5 25. Qd4 Rc4 26. Qd3 Qg6
27. Qd2 Kg7 28. Rbd1 Re4 29. Rf1 d4 30. Qb4 d3 31. Qc3 Re2 32. h3 h5 33. Qc7 Rg8
34. Qxa7 Kh7 35. g3 Rxf2 36. Rxf2 Qxg3+ 37. Kf1 Qg1# 0-1

[Event "European Blitz 2022"]
[Site "Katowice POL"]
[Date "2022.12.16"]
[Round "13.69"]
[White "Szczurek, Krzysztof"]
[Black "D'Costa, Lorin"]
[Result "0-1"]
[WhiteTitle "FM"]
[BlackTitle "IM"]
[WhiteElo "2163"]
[BlackElo "2375"]
[WhiteFideId "1185489"]
[BlackFideId "409219"]
[EventDate "2022.12.16"]

1. d4 Nf6 2. Nc3 d5 3. Bf4 a6 4. e3 e6 5. Nf3 c5 6. Be2 Nc6 7. O-O Be7 8. Qd2
O-O 9. Ne5 Nd7 10. Nxd7 Bxd7 11. Rad1 cxd4 12. exd4 Bf6 13. Be3 Rc8 14. Rb1 Na5
15. Nd1 Qb6 16. c3 Bb5 17. Bxb5 Qxb5 18. Bf4 Nc4 19. Qd3 g6 20. Ne3 Qa5 21. a3
Bg7 22. Nxc4 Rxc4 23. h4 b5 24. h5 Qd8 25. h6 Bf6 26. Qg3 a5 27. Rfe1 b4 28.
axb4 axb4 29. Bd6 bxc3 30. Bxf8 c2 31. Rbc1 Qxf8 32. Qb3 Rxd4 33. Rxc2 Qxh6 34.
Qb8+ Kg7 35. g3 Be7 36. Rc8 Qg5 37. Qe5+ Qxe5 38. Rxe5 Rd1+ 39. Kg2 Rd2 40. Rb8
Bf6 41. Re3 Bxb2 42. Rf3 Bf6 43. Rb4 e5 44. Rb6 Be7 45. Rb7 e4 46. Rf4 Kf8 47.
Rb8+ Kg7 48. Rb7 g5 49. Rf5 Kg6 50. Re5 Bf6 51. Re8 Bd4 52. Rg8+ Kf6 53. Rf8
Rxf2+ 54. Kh1 Kg6 55. Rd7 Rf1+ 56. Kg2 Rf2+ 57. Kh1 Rf5 58. g4 Rf1+ 59. Kh2 Be5+
60. Kg2 Rd1 61. Rg8+ Kf6 62. Rf8 Bf4 63. Rfxf7+ Ke5 64. Rfe7+ Kd4 65. Rxd5+ Kxd5
66. Rd7+ Bd6 0-1

[Event "European Blitz 2022"]
[Site "Katowice POL"]
[Date "2022.12.16"]
[Round "13.70"]
[White "Hasterok, Mateusz"]
[Black "Cyfka, Karina"]
[Result "1-0"]
[BlackTitle "IM"]
[WhiteElo "2162"]
[BlackElo "2348"]
[WhiteFideId "21822352"]
[BlackFideId "1122681"]
[EventDate "2022.12.16"]

1. d4 Nf6 2. Bg5 c6 3. Nd2 d5 4. e3 Bf5 5. c4 e6 6. Qb3 Qb6 7. c5 Qc7 8. Bf4 Qc8
9. Ngf3 h6 10. h3 Nbd7 11. Bd3 Ne4 12. O-O g5 13. Bh2 Rg8 14. Bxe4 dxe4 15. Ne5
Nf6 16. g4 Bh7 17. f3 exf3 18. Rxf3 Be7 19. Raf1 Ne4 20. Nxe4 Bxe4 21. Rxf7 Bd5
22. Qc2 Qc7 23. Ng6 e5 24. Rxe7+ Qxe7 25. Nxe7 Kxe7 26. Qh7+ 1-0

[Event "European Blitz 2022"]
[Site "Katowice POL"]
[Date "2022.12.16"]
[Round "13.71"]
[White "Kolaric, Spela"]
[Black "Jablonicky, Martin"]
[Result "1/2-1/2"]
[WhiteTitle "WFM"]
[BlackTitle "FM"]
[WhiteElo "2133"]
[BlackElo "2388"]
[WhiteFideId "14607093"]
[BlackFideId "14925621"]
[EventDate "2022.12.16"]

1. e4 c5 2. c3 Nf6 3. e5 Nd5 4. d4 cxd4 5. Nf3 e6 6. cxd4 d6 7. Bc4 Nc6 8. O-O
Nb6 9. Bb5 Bd7 10. Nc3 Qc7 11. Qe2 dxe5 12. dxe5 a6 13. Bd3 Nb4 14. Bb1 N4d5 15.
Nxd5 Nxd5 16. a3 Bb5 17. Bd3 Bxd3 18. Qxd3 Be7 19. Qe4 O-O 20. Bg5 Rfc8 21. Rac1
Qd8 22. Bd2 Rxc1 23. Rxc1 Rc8 24. Qe1 Qd7 25. Rxc8+ Qxc8 26. Qc1 Qxc1+ 27. Bxc1
Kf8 28. Kf1 Ke8 29. Ke2 Kd7 30. Kd3 h6 31. Nd4 Bc5 32. f3 Bxd4 33. Kxd4 Kc6 34.
Bd2 h5 35. g4 g6 36. h3 b5 37. f4 hxg4 38. hxg4 Nb6 39. b3 Nd5 40. Bc1 a5 41.
Bd2 a4 42. bxa4 bxa4 43. Kc4 Nb6+ 44. Kb4 Kd5 45. Be3 Nc4 46. Bc1 g5 47. fxg5
Nxe5 48. Kxa4 Nxg4 49. Kb5 Ne5 50. a4 Nc6 51. a5 Nxa5 52. Kxa5 Ke4 53. Kb4 Kf5
54. Kc5 f6 55. gxf6 Kxf6 1/2-1/2

[Event "European Blitz 2022"]
[Site "Katowice POL"]
[Date "2022.12.16"]
[Round "13.72"]
[White "Hulka, Valentyn"]
[Black "Baum, Jonasz"]
[Result "0-1"]
[WhiteTitle "CM"]
[BlackTitle "IM"]
[WhiteElo "2222"]
[BlackElo "2420"]
[WhiteFideId "34107061"]
[BlackFideId "1195360"]
[EventDate "2022.12.16"]

1. Nf3 d5 2. g3 Nd7 3. d4 Nb6 4. Bg2 Bf5 5. O-O e6 6. a4 a5 7. Nc3 Nf6 8. Ne5 h6
9. Bf4 Be7 10. Re1 Bh7 11. e4 c6 12. f3 O-O 13. Be3 Nfd7 14. Nxd7 Qxd7 15. b3
Bb4 16. Qd3 dxe4 17. fxe4 Nd5 18. Bd2 Nf6 19. Rad1 Rad8 20. Ne2 Bxd2 21. Rxd2
Qc7 22. Qe3 e5 23. h3 exd4 24. Rxd4 Rfe8 25. Red1 Rxd4 26. Rxd4 Nd7 27. Nf4 Ne5
28. Nd3 Ng6 29. e5 Nf8 30. Be4 Bxe4 31. Rxe4 Ne6 32. Rg4 Kf8 33. Kh2 Rd8 34. Qe4
Qb6 35. Kg2 Rd4 36. Qe2 Rxg4 37. Qxg4 Qe3 38. h4 Qd2+ 39. Kh3 Qxc2 40. Qe4 Qxb3
41. Nf4 Nxf4+ 42. Qxf4 Qe6+ 43. Kh2 Qa2+ 44. Kh3 Qe6+ 45. Kh2 b5 46. Qd4 bxa4
47. Qd8+ Qe8 48. Qxa5 c5 49. Qxc5+ Kg8 50. Qd6 Qa8 51. e6 fxe6 52. Qxe6+ Kh8 53.
g4 a3 54. Qa2 Qb8+ 0-1

[Event "European Blitz 2022"]
[Site "Katowice POL"]
[Date "2022.12.16"]
[Round "13.73"]
[White "Dors, Ryszard"]
[Black "Vedrickas, Tautvydas"]
[Result "0-1"]
[BlackTitle "FM"]
[WhiteElo "2142"]
[BlackElo "2358"]
[WhiteFideId "1104217"]
[BlackFideId "12802654"]
[EventDate "2022.12.16"]

1. Nf3 Nf6 2. c4 d6 3. Nc3 g6 4. g3 Bg7 5. Bg2 O-O 6. O-O c6 7. d3 Qa5 8. h3 Qa6
9. Qc2 Nbd7 10. b4 b5 11. Nd4 Bb7 12. cxb5 cxb5 13. Qb3 Bxg2 14. Kxg2 Qb7+ 15.
Nf3 a5 16. bxa5 b4 17. Nd1 Nc5 18. Qc4 0-1

[Event "European Blitz 2022"]
[Site "Katowice POL"]
[Date "2022.12.16"]
[Round "13.74"]
[White "Haug, Havard"]
[Black "Ugorek, Kacper"]
[Result "1-0"]
[WhiteElo "2044"]
[BlackElo "1682"]
[WhiteFideId "1547887"]
[BlackFideId "21890676"]
[EventDate "2022.12.16"]

1. e4 c5 2. c3 d5 3. exd5 Qxd5 4. d4 Nf6 5. Nf3 Bg4 6. Nbd2 e6 7. h3 Bh5 8. Be2
Nc6 9. O-O Be7 10. Nb3 cxd4 11. Nfxd4 Bxe2 12. Qxe2 O-O 13. Rd1 Nxd4 14. Nxd4
Rfd8 15. Be3 Qa5 16. Rd3 Rd7 17. Nb3 Qa6 18. Rad1 Rad8 19. Rxd7 Rxd7 20. Rd2
Qxe2 21. Rxe2 b6 22. g3 Kf8 23. Nd4 Nd5 24. Bd2 Bc5 25. Nb3 Bd6 26. Kf1 Ke7 27.
Nd4 Bc5 28. Nc6+ Kd6 29. Ne5 Rc7 30. b4 f6 31. bxc5+ Rxc5 32. Nd3 Rc4 33. Nb4
Nxc3 34. Bxc3 Rxc3 35. Rd2+ Kc5 36. Nd3+ Kd6 37. Nf4+ Ke7 38. Ke2 Rc5 39. Ke3 e5
40. Ne2 a5 41. f4 b5 42. fxe5 Rxe5+ 43. Kd3 b4 44. Nd4 Kd6 45. Nf3 Rd5+ 46. Kc4
Rxd2 47. Nxd2 Kc6 48. Nb3 Kb6 49. Nd4 g6 50. Ne6 h6 51. Nf4 g5 52. Nd5+ Kc6 53.
Nxf6 Kd6 54. Kd4 Ke6 55. Ne4 Kf5 56. Nc5 h5 57. Nd3 a4 58. Nxb4 h4 59. gxh4 gxh4
60. Nd3 1-0

[Event "European Blitz 2022"]
[Site "Katowice POL"]
[Date "2022.12.16"]
[Round "13.75"]
[White "Paszewski, Mateusz"]
[Black "Janeczko, Jakub"]
[Result "1-0"]
[WhiteTitle "FM"]
[WhiteElo "2282"]
[BlackElo "2247"]
[WhiteFideId "1141058"]
[BlackFideId "21871655"]
[EventDate "2022.12.16"]

1. Nf3 Nf6 2. g3 g6 3. b3 Bg7 4. Bb2 d6 5. d4 c6 6. Bg2 Nbd7 7. O-O Qc7 8. Nbd2
e5 9. dxe5 dxe5 10. Nc4 O-O 11. Nfxe5 Rd8 12. Qd6 Qxd6 13. Nxd6 Ng4 14. Nexf7
Rf8 15. Bxg7 Kxg7 16. Ng5 Ndf6 17. Nxc8 Raxc8 18. Ne6+ 1-0

[Event "European Blitz 2022"]
[Site "Katowice POL"]
[Date "2022.12.16"]
[Round "13.76"]
[White "Berend, Elvira"]
[Black "Gumula, Daniel"]
[Result "1-0"]
[WhiteTitle "WGM"]
[BlackTitle "FM"]
[WhiteElo "2318"]
[BlackElo "2146"]
[WhiteFideId "4000510"]
[BlackFideId "1123122"]
[EventDate "2022.12.16"]

1. d4 Nf6 2. Nf3 d6 3. Bg5 Bf5 4. c3 Nbd7 5. Nbd2 e5 6. e4 Bg6 7. Qb3 Be7 8. Bd3
O-O 9. O-O Rb8 10. Rfe1 h6 11. Bxf6 Bxf6 12. Bf1 Re8 13. Rad1 a6 14. a4 Bh5 15.
Be2 Qe7 16. dxe5 dxe5 17. Nc4 Nc5 18. Qc2 Bg6 19. Bf1 b5 20. axb5 axb5 21. Na5
Qe6 22. b4 Na4 23. Bxb5 Rxb5 24. Qxa4 Reb8 25. Nb3 Qg4 26. Nc5 Bh5 27. Nd7 R8b7
28. Qa8+ Kh7 29. Nxf6+ gxf6 30. Qf8 Rb8 31. Qe7 Rg8 32. g3 Qxf3 33. Rd7 Bg4 34.
Qxf7+ 1-0

[Event "European Blitz 2022"]
[Site "Katowice POL"]
[Date "2022.12.16"]
[Round "13.77"]
[White "Bergsson, Stefan"]
[Black "Ternault, Mathieu"]
[Result "1/2-1/2"]
[BlackTitle "FM"]
[WhiteElo "2172"]
[BlackElo "2351"]
[WhiteFideId "2301393"]
[BlackFideId "20641532"]
[EventDate "2022.12.16"]

1. d4 Nc6 2. d5 Ne5 3. f4 Ng6 4. Nf3 e6 5. dxe6 fxe6 6. e4 Nf6 7. Bd3 Bc5 8. Qe2
O-O 9. Rf1 Qe8 10. Nc3 a6 11. Bd2 b5 12. e5 b4 13. Na4 Be7 14. exf6 Bxf6 15.
Bxb4 d6 16. Nc3 Rb8 17. Ba3 Nxf4 18. Qe4 g6 19. O-O-O Nxd3+ 20. Qxd3 Bb7 21. Nd4
Qd7 22. Rde1 Bg5+ 23. Kb1 Rxf1 24. Rxf1 Re8 25. Qc4 Bh6 26. Qb3 Bxg2 27. Re1 d5
28. Na4 Bg7 29. Nc5 Qf7 30. Ndxe6 Qf2 31. Rd1 Qe2 32. Rg1 c6 33. Bb4 Bh6 34. a4
Bh3 35. Ng5 Bxg5 36. Qxh3 Be3 37. Re1 Qc4 38. Qd7 Re5 1/2-1/2

[Event "European Blitz 2022"]
[Site "Katowice POL"]
[Date "2022.12.16"]
[Round "13.78"]
[White "Karas, Marek"]
[Black "Kushnir, Oleg"]
[Result "1-0"]
[WhiteTitle "FM"]
[WhiteElo "2240"]
[BlackElo "1554"]
[WhiteFideId "14928558"]
[BlackFideId "148062099"]
[EventDate "2022.12.16"]

1. Nf3 d5 2. g3 Nf6 3. Bg2 g6 4. b3 Bg7 5. Bb2 O-O 6. O-O c6 7. c4 Nbd7 8. d4 b6
9. Nc3 Bb7 10. Qd3 Re8 11. Rad1 e6 12. e4 dxe4 13. Nxe4 Nxe4 14. Qxe4 Nf6 15.
Qe2 Qc7 16. c5 Nd5 17. Ne5 Bxe5 18. dxe5 bxc5 19. Qc4 Qb6 20. Rfe1 Ba6 21. Qc2
Rad8 22. Ba3 Nb4 23. Bxb4 cxb4 24. Qxc6 Qxc6 25. Bxc6 Rxd1 26. Rxd1 Rc8 27. Rd6
Rc7 28. f4 Bb7 29. Bxb7 Rxb7 30. Ra6 Kf8 31. Kf2 Ke7 32. Ke3 Kd7 33. Kd4 Kc7 34.
Kc5 Kb8 35. Kd6 Kc8 36. Rc6+ Kd8 37. Kc5 Kd7 38. Rd6+ Ke7 39. Rd2 f6 40. exf6+
Kxf6 41. Rd4 Kf5 42. Rxb4 Rc7+ 43. Kd4 Kg4 44. Rc4 Rd7+ 45. Ke3 Kh3 46. Rc2 h5
47. b4 h4 48. gxh4 Kxh4 49. a4 Kg4 50. b5 Kf5 51. a5 1-0

[Event "European Blitz 2022"]
[Site "Katowice POL"]
[Date "2022.12.16"]
[Round "13.79"]
[White "Marn, Jan"]
[Black "Kondys, Piotr"]
[Result "1/2-1/2"]
[WhiteTitle "FM"]
[WhiteElo "2332"]
[BlackElo "1905"]
[WhiteFideId "14619245"]
[BlackFideId "21885575"]
[EventDate "2022.12.16"]

1. Nf3 d5 2. g3 Nf6 3. Bg2 c5 4. O-O Nc6 5. d4 e6 6. c4 dxc4 7. dxc5 Qxd1 8.
Rxd1 Bxc5 9. Nbd2 c3 10. bxc3 O-O 11. Nb3 Be7 12. c4 Bd7 13. Bb2 Rfd8 14. Nfd4
Be8 15. Nxc6 Bxc6 16. Bxc6 bxc6 17. Na5 c5 18. Nc6 Rxd1+ 19. Rxd1 Kf8 20. Bxf6
Bxf6 21. Rd7 a5 22. Ra7 Rxa7 23. Nxa7 Ke8 24. a4 Kd7 25. Nb5 Bb2 26. Kf1 Kc6 27.
Ke1 Ba1 28. Kd2 Bf6 29. Na3 Bb2 30. Nc2 Kd6 31. Kd3 f5 32. e4 g6 33. h3 Ke5 34.
f3 Kd6 35. Ne3 Bc1 36. Nd1 Bh6 37. Nc3 Bg7 38. Ne2 Bh6 39. g4 fxg4 40. fxg4 Bg5
41. Ng1 Ke5 42. Ne2 Bh4 43. Nc1 Kf4 44. Nb3 Kg3 45. Nxa5 Kxh3 46. Nb3 Kxg4 47.
a5 Bd8 48. a6 Bb6 49. Ke3 Kg3 50. Nd2 h5 51. Nf1+ Kg2 52. Ke2 h4 53. Ne3+ Kg3
54. Nc2 h3 55. Ne3 h2 56. Nf1+ Kg2 57. Nxh2 Kxh2 58. Kf3 Kh3 59. Kf4 Kh4 60. Ke5
g5 61. Kxe6 g4 62. Kd5 g3 63. e5 g2 64. e6 g1=Q 65. Kc6 Qg6 66. Kxb6 Qxe6+ 67.
Kb7 Qd7+ 68. Kb6 Qc8 69. a7 Qa8 70. Kxc5 Qxa7+ 71. Kd6 Qb8+ 72. Kd5 Qc8 73. c5
Kg5 1/2-1/2

[Event "European Blitz 2022"]
[Site "Katowice POL"]
[Date "2022.12.16"]
[Round "13.80"]
[White "Luczak, Filip"]
[Black "Sowinski, Pawel"]
[Result "1-0"]
[WhiteTitle "FM"]
[WhiteElo "2326"]
[BlackElo "2064"]
[WhiteFideId "1193686"]
[BlackFideId "21881979"]
[EventDate "2022.12.16"]

1. b3 Nf6 2. Bb2 e6 3. e3 d5 4. Nf3 Be7 5. c4 c5 6. cxd5 exd5 7. d4 O-O 8. Be2
Nc6 9. O-O Bg4 10. Nbd2 Re8 11. h3 Bf5 12. a3 a6 13. dxc5 Bxc5 14. b4 Bb6 15.
Nb3 Rc8 16. Nbd4 Nxd4 17. Bxd4 Bc2 18. Qe1 Bc7 19. Rc1 Bb8 20. Bxf6 Qxf6 21. Qd2
Be4 22. Rxc8 Rxc8 23. Rc1 Re8 24. Qd4 Qd6 25. g3 Qh6 26. h4 Qg6 27. Ng5 h6 28.
Nxe4 dxe4 29. Kg2 Be5 30. Qd7 Qe6 31. Qxb7 Bb2 32. Rc6 Qf5 33. Qxa6 Rd8 34. Rc5
Qd7 35. Qc4 Bxa3 36. Qxe4 Rb8 37. Rc4 Bb2 38. Qd3 Qe6 39. Re4 Qc6 40. Bf3 Bf6
41. Rf4 Qc7 42. Qc4 Qe7 43. b5 Qd6 44. Qc6 Qd8 45. Rc4 g6 46. Be4 Kg7 47. Bf3 h5
48. Rc1 Rb6 49. Qc4 Qb8 50. Rb1 Qd6 51. Rd1 Qe5 52. Bc6 Rb8 53. Qd5 Qc7 54. Qd7
Qb6 55. Qd3 Qc5 56. Rd2 Qe5 57. Rc2 Qe7 58. Qc4 Rb6 59. Qc5 Qa7 60. Bd5 Be7 61.
Qc4 Qb8 62. Bxf7 Rxb5 63. Bd5 Bf6 64. Bf3 Kh8 65. Qc8+ Qxc8 66. Rxc8+ Kg7 67.
Rc7+ Kg8 68. Be4 g5 69. hxg5 Rxg5 70. f4 Ra5 71. Kf3 Ra1 72. Bd5+ Kh8 73. Rf7
Bg7 74. Rf5 h4 75. Rh5+ 1-0

[Event "European Blitz 2022"]
[Site "Katowice POL"]
[Date "2022.12.16"]
[Round "13.81"]
[White "Ribeiro, Gustavo"]
[Black "Pein, Jonathan"]
[Result "0-1"]
[BlackTitle "CM"]
[WhiteElo "1836"]
[BlackElo "2252"]
[WhiteFideId "1941852"]
[BlackFideId "417092"]
[EventDate "2022.12.16"]

1. d4 Nf6 2. c4 b6 3. Nc3 Bb7 4. Nf3 Ne4 5. Nxe4 Bxe4 6. Bf4 g6 7. e3 Bg7 8. Bd3
Bxd3 9. Qxd3 d6 10. Qe4 Nd7 11. Bg5 Rb8 12. O-O c5 13. Rad1 Nf6 14. Bxf6 Bxf6
15. dxc5 bxc5 16. b3 O-O 17. Rfe1 a5 18. Qd3 a4 19. e4 axb3 20. e5 dxe5 21. axb3
Qxd3 22. Rxd3 Rfd8 23. Rxd8+ Rxd8 24. Kf1 Rd3 25. Re3 e4 26. Rxd3 exd3 27. Ke1
Bc3+ 28. Kd1 e5 29. Ng5 f5 30. Ne6 Bb4 31. Nd8 e4 32. Nc6 Bc3 33. Nd8 f4 0-1

[Event "European Blitz 2022"]
[Site "Katowice POL"]
[Date "2022.12.16"]
[Round "13.82"]
[White "Bauer, Thomas"]
[Black "Trzebinski, Patryk"]
[Result "0-1"]
[WhiteTitle "CM"]
[WhiteElo "2145"]
[BlackElo "1792"]
[WhiteFideId "1639293"]
[BlackFideId "21839034"]
[EventDate "2022.12.16"]

1. e4 c5 2. Nf3 d6 3. Bb5+ Nc6 4. O-O g6 5. c3 Nf6 6. d4 cxd4 7. cxd4 Bg7 8. Nc3
O-O 9. h3 Bd7 10. Be3 Rc8 11. Qd2 Na5 12. Bxd7 Nc4 13. Qc1 Qxd7 14. Bh6 b5 15.
Bxg7 Kxg7 16. e5 dxe5 17. dxe5 Nd5 18. Rd1 Nxc3 19. Qxc3 Qf5 20. Rd5 Nb6 21. e6+
Rxc3 22. Rxf5 gxf5 23. bxc3 fxe6 24. Nd4 Kf6 25. Nxb5 a6 26. Nc7 Nd5 27. Nxa6
Ra8 28. Nb4 Nxc3 29. Kf1 Ra4 30. a3 Nb5 31. Nc2 Rc4 32. Rb1 Nc3 33. Rb3 Ne4 34.
Rb2 Rc3 35. Ke1 f4 36. Ra2 Rb3 37. Nd4 Rb1+ 38. Ke2 Nc3+ 39. Kd2 Nxa2 40. Kc2
Rf1 41. a4 Nb4+ 42. Kb3 Na6 43. Nc2 Rxf2 44. Na3 Nc5+ 45. Kb4 Nxa4 0-1

[Event "European Blitz 2022"]
[Site "Katowice POL"]
[Date "2022.12.16"]
[Round "13.83"]
[White "Dwilewicz, Katarzyna"]
[Black "Koziorowicz, Michal"]
[Result "0-1"]
[WhiteTitle "WFM"]
[BlackTitle "FM"]
[WhiteElo "2123"]
[BlackElo "2348"]
[WhiteFideId "1148486"]
[BlackFideId "21809194"]
[EventDate "2022.12.16"]

1. e4 e6 2. d4 d5 3. Nd2 Nf6 4. e5 Nfd7 5. Bd3 c5 6. c3 Nc6 7. Ne2 Be7 8. O-O
Rb8 9. a4 cxd4 10. cxd4 Nb4 11. Bb1 b6 12. Ra3 Ba6 13. Rg3 g6 14. Re1 Rc8 15.
Nc3 Nb8 16. Nf3 h6 17. Rh3 h5 18. Rg3 N8c6 19. Bg5 Na5 20. Bxe7 Qxe7 21. h4 Nc4
22. Qb3 Nc6 23. Nb5 Bxb5 24. Qxb5 Qb4 25. Qxb4 Nxb4 26. b3 Na3 27. Nd2 Nxb1 28.
Nxb1 Rc2 29. Rc3 Kd7 30. Rc1 Rxc1+ 31. Rxc1 Nc6 32. Rd1 Na5 33. Nd2 Rc8 34. Kf1
Rc2 35. Ke1 Rb2 36. Ra1 Nxb3 37. Nxb3 Rxb3 38. Kd2 Rb2+ 39. Ke3 Rc2 40. a5 b5
41. a6 Kc6 42. Kd3 Rc4 43. f3 Kb6 44. g4 b4 45. gxh5 gxh5 46. f4 Kb5 47. Rg1
Rc3+ 48. Kd2 Rf3 49. Rg5 Kc4 50. Rxh5 b3 51. Rh8 Kxd4 52. Rb8 Rf2+ 53. Ke1 Rb2
54. h5 Kc3 55. h6 Rh2 56. Rc8+ Kd3 57. Rb8 b2 58. h7 Rxh7 59. Rxb2 Rh1+ 60. Kf2
Rh2+ 0-1

[Event "European Blitz 2022"]
[Site "Katowice POL"]
[Date "2022.12.16"]
[Round "13.84"]
[White "Radecki, Adam"]
[Black "Domenech, Vianney"]
[Result "1-0"]
[WhiteElo "2012"]
[BlackElo "2249"]
[WhiteFideId "1197347"]
[BlackFideId "656089"]
[EventDate "2022.12.16"]

1. e4 Nc6 2. d3 d6 3. Nd2 Nf6 4. g3 g6 5. Bg2 Bg7 6. f4 O-O 7. Ngf3 e5 8. O-O
exf4 9. gxf4 Nh5 10. Nc4 b5 11. Na3 a6 12. c3 b4 13. cxb4 Nxb4 14. Nc4 Rb8 15.
a3 Nc6 16. Rb1 Nd4 17. Nxd4 Bxd4+ 18. Kh1 Bd7 19. f5 Qh4 20. Rf3 d5 21. Nd2 dxe4
22. dxe4 Bc6 23. Rh3 Qe7 24. Qc2 Ba8 25. Nc4 Bg7 26. Bd2 Rfe8 27. Re1 Bd5 28.
exd5 Qxe1+ 29. Bxe1 Rxe1+ 30. Bf1 Rxf1+ 31. Kg2 Rxf5 32. Qxf5 gxf5 33. Rxh5 Bxb2
34. Rxf5 Bd4 35. Rf4 Bc5 36. Ne5 Bd6 37. Rg4+ 1-0

[Event "European Blitz 2022"]
[Site "Katowice POL"]
[Date "2022.12.16"]
[Round "13.85"]
[White "Myrmus, Mateusz"]
[Black "Kastelik, Adrian"]
[Result "1-0"]
[WhiteElo "2012"]
[BlackElo "2091"]
[WhiteFideId "21825335"]
[BlackFideId "1134701"]
[EventDate "2022.12.16"]

1. e4 e5 2. Nf3 Nc6 3. Bc4 Nf6 4. Ng5 d5 5. exd5 Nd4 6. c3 b5 7. Bf1 Nxd5 8.
cxd4 Qxg5 9. Bxb5+ Kd8 10. Qf3 Bb7 11. O-O exd4 12. d3 Qf6 13. Qxf6+ Nxf6 14.
Bg5 Be7 15. Nd2 Rb8 16. Bc4 Nd5 17. Bxe7+ Kxe7 18. Rfe1+ Kf8 19. Nb3 Nf4 20. f3
Rd8 21. Re5 h5 22. Rf5 Nd5 23. Nxd4 Rh6 24. Re1 h4 25. Ne6+ Rxe6 26. Rxe6 Ne7
27. Rxe7 Kxe7 28. Rxf7+ Kd6 29. Rxg7 h3 30. Kf2 hxg2 31. Rxg2 Rf8 32. Rg3 Rh8
33. h3 Ke5 34. Ke3 Bc8 35. d4+ Kf6 36. Bf1 Be6 37. b3 a5 38. f4 Ra8 39. Bc4 Bf5
40. a4 Re8+ 41. Kf2 Rh8 42. Bd3 Bxh3 43. Rg6+ Ke7 44. Rg7+ Kd6 45. Ke3 Be6 46.
Bc4 Rh3+ 47. Kd2 Bxc4 48. bxc4 Ra3 49. Rg6+ Kd7 50. f5 Rxa4 51. Kd3 Ra3+ 52. Ke4
a4 53. Ra6 Kc8 54. f6 Kd7 55. Ra7 Ke6 56. Ra6+ Kf7 57. Kd5 Ra1 58. Ra7 Kxf6 59.
Rxc7 a3 60. Ra7 a2 61. c5 Kf5 62. c6 Kf4 63. Kd6 Ke4 64. d5 Kd4 65. Ra4+ Kc3 66.
c7 Kb3 67. Ra8 Rc1 68. Kd7 a1=Q 69. Rxa1 Rxa1 70. c8=Q Rd1 71. d6 Kb2 72. Qb7+
Kc3 73. Qc6+ Kb4 74. Kc7 Ka5 75. Qc3+ Ka6 76. Qa3+ Kb5 77. Qb3+ 1-0

[Event "European Blitz 2022"]
[Site "Katowice POL"]
[Date "2022.12.16"]
[Round "13.86"]
[White "Piotrowski, Daniel"]
[Black "Polster, Christian"]
[Result "0-1"]
[BlackTitle "FM"]
[WhiteElo "1763"]
[BlackElo "2235"]
[WhiteFideId "21815780"]
[BlackFideId "12965081"]
[EventDate "2022.12.16"]

1. e4 c5 2. Nf3 d6 3. d4 cxd4 4. Nxd4 Nf6 5. Nc3 a6 6. Rg1 h5 7. Be3 Ng4 8. Bd2
Nxh2 9. Bc4 Ng4 10. Qe2 e6 11. O-O-O Qc7 12. Bb3 Nc6 13. Be1 Bd7 14. f3 Nge5 15.
Bf2 Nxd4 16. Bxd4 Nc6 17. Bf2 b5 18. Qd2 Be7 19. Bg3 Ne5 20. Rh1 Rb8 21. Kb1 Nc4
22. Qd3 h4 23. Bf4 a5 24. Ka1 a4 25. Bxc4 bxc4 26. Qd2 a3 27. Bxd6 Qb6 28. b3
cxb3 29. axb3 Bxd6 30. Qxd6 Qxd6 31. Rxd6 Ke7 32. Rhd1 Rb7 33. Na4 Bxa4 34. bxa4
Rc8 35. R1d2 Rc4 36. Ka2 Rxa4 37. R6d3 Rba7 38. Rb3 Kf6 39. Rdd3 Rc7 40. c3 Rca7
41. Rb4 R4a6 42. Rb5 g5 43. c4 Ra4 44. c5 Rc4 45. Rxa3 Rc2+ 46. Kb3 Rxa3+ 47.
Kxa3 Rxg2 48. Rb1 Rc2 49. Kb4 Ke5 50. Rg1 f6 51. Kb5 Kf4 52. Rf1 h3 53. c6 h2
54. Kb6 Kg3 55. c7 Kg2 56. Rd1 h1=Q 57. Rd2+ Kg3 58. Rxc2 Qb1+ 0-1

[Event "European Blitz 2022"]
[Site "Katowice POL"]
[Date "2022.12.16"]
[Round "13.87"]
[White "Przybys, Bruno"]
[Black "Peyrer, Konstantin"]
[Result "0-1"]
[BlackTitle "FM"]
[WhiteElo "1401"]
[BlackElo "2380"]
[WhiteFideId "21056048"]
[BlackFideId "1640879"]
[EventDate "2022.12.16"]

1. e4 c6 2. d4 d5 3. exd5 cxd5 4. Bd3 Nc6 5. c3 g6 6. Nf3 Bg7 7. O-O Nh6 8. h3
O-O 9. Bf4 f6 10. Re1 Nf7 11. Bb5 Bf5 12. Nbd2 Qb6 13. Bxc6 bxc6 14. Nb3 Rae8
15. Nh4 Bc8 16. Nf3 g5 17. Be3 Qc7 18. Nc5 g4 19. hxg4 Bxg4 20. Nd3 e5 21. dxe5
Nxe5 22. Bf4 Qc8 23. Re3 Qf5 24. Bxe5 fxe5 25. Nde1 e4 26. Nd4 Qxf2+ 27. Kh1
Qf1+ 28. Kh2 Be5+ 29. g3 Qh3+ 30. Kg1 Rf1# 0-1

[Event "European Blitz 2022"]
[Site "Katowice POL"]
[Date "2022.12.16"]
[Round "13.88"]
[White "Horvath, Dominik"]
[Black "Pavlidou, Ekaterini"]
[Result "0-1"]
[WhiteTitle "IM"]
[BlackTitle "WIM"]
[WhiteElo "2502"]
[BlackElo "2178"]
[WhiteFideId "1642561"]
[BlackFideId "4213262"]
[EventDate "2022.12.16"]

1. e4 c5 2. c3 d5 3. exd5 Qxd5 4. d4 Nf6 5. Nf3 Bg4 6. Nbd2 cxd4 7. Bc4 Qd6 8.
Qb3 Nbd7 9. Bxf7+ Kd8 10. cxd4 e6 11. O-O Ke7 12. Ne5 Qxd4 13. Ndf3 Qd5 14. Qxd5
Nxd5 15. Nxg4 Kxf7 16. Ng5+ Ke7 17. Re1 Nc5 18. Ne5 g6 19. b4 Nxb4 20. Be3 Nbd3
21. Nxd3 Nxd3 22. Red1 Bg7 23. Rab1 Nb2 24. Bc1 Nxd1 25. Rxb7+ Kd6 26. Rxg7 Rhc8
27. Bf4+ Kc6 28. h4 h6 29. Nxe6 Re8 30. Rc7+ Kb6 31. Rc1 Rxe6 32. Rxd1 Rae8 33.
Be3+ Kb7 34. Rd7+ Kc6 35. Rxa7 h5 36. a4 R8e7 37. Ra5 Kb7 38. Rb5+ Kc8 39. a5
Re5 40. Rb6 R7e6 41. Kh2 Rxb6 42. axb6 Kb7 43. Kg3 Re4 44. Kh3 Kc6 45. g3 Rb4
46. Kg2 Kd5 47. Kf3 Ke5 48. Ke2 Ke4 49. f3+ Kd5 50. g4 Ke5 0-1